| 000 | 00719nam a2200241 a 4500 | ||
|---|---|---|---|
| 001 | 56895 | ||
| 003 | BD-RjUL | ||
| 005 | 20211209080439.0 | ||
| 008 | 161204s1998 ii ||||| |||| 00| 0 eng d | ||
| 020 | _a8174889469 | ||
| 035 | _a(BD-RjUL) 57019 | ||
| 040 |
_aBD-RjUL _beng _cBD-RjUL |
||
| 041 | _aeng | ||
| 082 |
_223 _a297 _bISL 1998 |
||
| 245 | 1 | 0 |
_aIslamic thought : _bgrowth and development / _cEdited by Mohamed Taher |
| 260 |
_aNew Delhi : _b Anmol Publications, _c1998. |
||
| 300 |
_ax, 274 p. ; _c21 cm |
||
| 490 | _aEncyclopaedic survey of Islamic culture | ||
| 650 |
_aIslam _9169133 |
||
| 700 |
_aTaher, Mohamed _9168804 |
||
| 830 |
_aEncyclopaedic survey of Islamic culture _9169135 |
||
| 942 |
_2ddc _cBK |
||
| 999 |
_c56895 _d56895 |
||